The wild leaf ride / (Record no. 106011)
[ view plain ]
| 000 -LEADER | |
|---|---|
| fixed length control field | 00888nam a2200217 a 4500 |
| 005 - DATE AND TIME OF LATEST TRANSACTION | |
| control field | 20140412111421.0 |
| 008 - FIXED-LENGTH DATA ELEMENTS--GENERAL INFORMATION | |
| fixed length control field | 080103s19uu xx 00 eng d |
| 020 ## - INTERNATIONAL STANDARD BOOK NUMBER | |
| International Standard Book Number | 0-439-56988-5 |
| 050 ## - LIBRARY OF CONGRESS CALL NUMBER | |
| Classification number | TR(PS E |
| Item number | Wi64 2003 |
| 100 ## - MAIN ENTRY--PERSONAL NAME | |
| Personal name | Stamper,, Judith Bauer |
| 245 ## - TITLE STATEMENT | |
| Title | The wild leaf ride / |
| Statement of responsibility, etc | written by Judith Stamper; illustrations by Carolyn Bracken. |
| 250 ## - EDITION STATEMENT | |
| Edition statement | 1st Edition |
| 260 ## - PUBLICATION, DISTRIBUTION, ETC. (IMPRINT) | |
| Place of publication, distribution, etc | New York : |
| Name of publisher, distributor, etc | Scholastic Inc, |
| Date of publication, distribution, etc | c 2003. |
| 300 ## - PHYSICAL DESCRIPTION | |
| Extent | 1v.unp.: col. ill.; 23cm |
| 440 ## - SERIES STATEMENT/ADDED ENTRY--TITLE | |
| Title | Scholastic reader. Level 2 |
| 500 ## - GENERAL NOTE | |
| General note | " Based on the magic school bus books written by Joanna Cloe and Illustrated by Bruce Degan" -- T.P. Verso. |
| 520 ## - SUMMARY, ETC. | |
| Summary, etc | Miss Frizzle's class is stuck in a tree. It's time for a wild leaf ride as with the help of the magic school bus they learn all about leaves. |
| 650 ## - SUBJECT ADDED ENTRY--TOPICAL TERM | |
| Topical term or geographic name as entry element | Leaves |
| General subdivision | Juvenile literature |
| 650 ## - SUBJECT ADDED ENTRY--TOPICAL TERM | |
| Topical term or geographic name as entry element | Leaves |
| General subdivision | Fiction |
| Withdrawn status | Lost status | Damaged status | Use restrictions | Home library | Current library | Shelving location | Date acquired | Source of acquisition | Cost, normal purchase price | Total Checkouts | Full call number | Barcode | Date last seen | Price effective from | Koha item type |
|---|---|---|---|---|---|---|---|---|---|---|---|---|---|---|---|
| Elizalde Library | Elizalde Library | Teachers Reference Section | 01/03/2008 | 125.00 | TR(PS E Wi64 2003 | E11109 | 04/12/2014 | 04/12/2014 | Books |